000 04157 a2200241 4500
003 UA-OsUOA
005 20231213100010.0
008 231212b un ||||| |||| 00| 0 ukr d
020 _a9786176798323
040 _aUA-OsUOA
_bukr
_cUA-OsUOA
_dUA-OsUOA
041 _aukr
080 _a821.161.2
090 _a821.161.2
_bП12
100 _aПавлюк І.
245 _aЯ бачу, вас цікавить пітьма
_cІлларіон Павлюк ; пер. з рос. Вікторія Стах
_bроман
260 _aЛьвів
_bВид-во Старого Лева
_c2023
300 _a664 с.
520 _aКримінальна психологія завжди привертала увагу читачів, і нова книга "Я бачу, вас цікавить пітьма" від автора Андрія Гайстера не розчаровує. Ця книга виходить за межі звичайних кримінальних трилерів, представляючи нам історію про байдужість і пітьму, яка може захопити кожного з нас. Андрій Гайстер, який сам є київським кримінальним психологом, переносить нас у селище Буськів Сад, де зникла маленька дівчинка в холодну зимову ніч. Головний герой, Андрій, відправляється до цього віддаленого селища як консультант з надією розкрити зникнення дівчинки. Проте, в Буських Садах час літає повільніше, а тамтешні мешканці, здавалося б, уникли уваги до серійного маніяка, відомого як Звір. Цей місцевий жах вражає мешканців, але байдужість і страх є сильнішими, ніж бажання вирішити проблему. Так починається жахливе розслідування, де герой вірить у можливість знайти загублену дівчинку, навіть якщо це нікому, окрім нього, не потрібно. "Я бачу, вас цікавить пітьма" — це не просто кримінальний роман. Ця книга глибоко досліджує тему людської байдужості, пітьми всередині нас та ціни, яку ми готові заплатити за забуття. Це історія про гріхи, які матеріалізуються і потребують спокути, дорожчої, ніж спокій. Автор Андрій Гайстер вдало поєднує кримінальний сюжет і психологічні аспекти, що робить книгу захопливою і залишає читача з багатьма роздумами. Його описи селища Буськів Сад роблять його живим та душогубним, а головний герой Андрій залишає сліди на душі читача. Книга "Я бачу, вас цікавить пітьма" - це обов'язкова подорож для тих, хто цікавиться кримінальною психологією та хоче поковзатися відкриттями про себе та навколишніх. Не пропустіть можливість купити цю книгу та зануритися в історію, яка не залишить вас байдужими до власних демонів і суспільної пітьми.
650 _2UDC
_a821 Художня література окремими мовами і мовними сім'ями
942 _cBK
_2udc
955 _a3
999 _c575578
_d575578